| 000 | 00802nam a2200193 i 4500 | ||
|---|---|---|---|
| 001 | 63775 | ||
| 003 | ES-MaACL | ||
| 005 | 20230906164951.0 | ||
| 007 | t| | ||
| 008 | 031216s1950 sp ||||1| spa d | ||
| 100 | 1 |
_aFiguera, Enrique de la. _950749 |
|
| 245 | 1 | 3 |
_aEl problema de la linfogranulomatosis maligna _b: discurso pronunciado para su ingreso como académico / _cpor Enrique de la Figuera ; discurso de contestación de Francisco Oliver Rubio. |
| 260 |
_a[Zaragoza : _bs.n., _c1950] ( _fImp. Octavio y Félez) |
||
| 300 |
_a51 p., 1 lám. : _bil. ; _c24 cm. |
||
| 500 | _aPrecede al tit.: Real Academia de Medicina del Distrito de Zaragoza. | ||
| 700 | 1 |
_aOliver Rubio, Francisco. _986846 |
|
| 710 | 2 |
_aReal Academia de Medicina de Zaragoza. _96323 |
|
| 852 |
_aES-MaACL _j1914-F-18 _bR.30025 |
||
| 999 |
_c63775 _d63775 |
||